000 00276nam a22001217a 4500
008 170609b xxu||||| |||| 00| 0 eng d
041 _aeng
080 _a94(100)
100 _a19
101 _aSHP
245 _aTHE ANCIENT WORLD: TO 300 A.D
_cALEXANDER,P.J
942 _2udc
_cBK
999 _c16772
_d16772